Diákotthoni csúcsbizottság
Elmentve itt :
| Dokumentumtípus: | Cikk |
|---|---|
| Megjelent: |
1971
|
| Sorozat: | Szegedi Egyetem
9 No. 5 |
| Kulcsszavak: | Diákotthon |
| Online Access: | http://univ.bibl.u-szeged.hu/726 |
| LEADER | 00546nab a2200181 i 4500 | ||
|---|---|---|---|
| 001 | univ726 | ||
| 005 | 20241125143647.0 | ||
| 008 | 170907s1971 hu o 000 hun d | ||
| 022 | |a 0230-791X | ||
| 040 | |a SZTE UnivHistória Repozitórium |b hun | ||
| 041 | |a hun | ||
| 245 | 0 | 0 | |a Diákotthoni csúcsbizottság |h [elektronikus dokumentum] |
| 260 | |c 1971 | ||
| 300 | |a 3 | ||
| 490 | 0 | |a Szegedi Egyetem |v 9 No. 5 | |
| 561 | |a Egyetemi, hallgatói élet | ||
| 695 | |a Diákotthon | ||
| 856 | 4 | 0 | |u http://univ.bibl.u-szeged.hu/726/2/sze_1971_005_003.pdf |z Dokumentum-elérés |